| 000 -LEADER |
| fixed length control field |
01204nam a22002177a 4500 |
| 003 - CONTROL NUMBER IDENTIFIER |
| control field |
OSt |
| 005 - DATE AND TIME OF LATEST TRANSACTION |
| control field |
20190104073319.0 |
| 008 - FIXED-LENGTH DATA ELEMENTS--GENERAL INFORMATION |
| fixed length control field |
180226b xxu||||| |||| 00| 0 spa d |
| 040 ## - CATALOGING SOURCE |
| Transcribing agency |
PJ |
| 100 ## - MAIN ENTRY--PERSONAL NAME |
| 9 (RLIN) |
382 |
| Personal name |
Touceda, Raúl |
| 245 ## - TITLE STATEMENT |
| Title |
Introducción a la socioantropología / |
| Statement of responsibility, etc |
Raúl Touceda. |
| 260 ## - PUBLICATION, DISTRIBUTION, ETC. (IMPRINT) |
| Place of publication, distribution, etc |
Buenos Aires : |
| Name of publisher, distributor, etc |
Abeledo-Perrot, |
| Date of publication, distribution, etc |
1962 |
| 300 ## - PHYSICAL DESCRIPTION |
| Extent |
79 p. |
| Dimensions |
20 cm. |
| 490 ## - SERIES STATEMENT |
| Series statement |
Monografías Jurídicas |
| Volume number/sequential designation |
76 |
| 500 ## - GENERAL NOTE |
| General note |
Bibliografía al final de la obra. |
| 504 ## - BIBLIOGRAPHY, ETC. NOTE |
| Bibliography, etc |
Bibliografía: p. 77. |
| 505 ## - FORMATTED CONTENTS NOTE |
| Formatted contents note |
Contenido:<br/>I. Sociología y antropología (crisis de unilatralidad ) -- II,. Integración ideomatica y conceptualización. Realidad del investigador -- III. Realidad compleja del problema humano. Puntos básicos de referencia -- IV. La socioantropología y las medas ciencias -- V. Antroposociología y socioantropología -- VI. Origen y fundamentos de la ciencia socioantropología. El fenómeno social (Gurvitch) y el fenómeno humano (Teilhard de Chardin) -- VII La socioantropología: herramienta del reformador social -- VIII. Una dirección: la solidaridad universala. |
| 650 #0 - SUBJECT ADDED ENTRY--TOPICAL TERM |
| Topical term or geographic name as entry element |
CIENCIAS SOCIALES |
| 9 (RLIN) |
1912 |
| 650 #0 - SUBJECT ADDED ENTRY--TOPICAL TERM |
| Topical term or geographic name as entry element |
SOCIOLOGIA |
| 9 (RLIN) |
247 |
| 942 ## - ADDED ENTRY ELEMENTS (KOHA) |
| Source of classification or shelving scheme |
|
| Koha item type |
Libros |
| Classification part |
316 |
| Item part |
TOU |